000
00263nam a2200085Ia 4500
245
0
_a
The one that got away : short stories
100
_a
WICOMB, Zoe Roggebaai [South Africa], 2008 1st ed
_9
79214
942
_c
BK
008
210817s9999 xx 000 0 und d
999
_c
275635
_d
275634